Nagłówek z "Faktu" - prawdziwy czy zmyślony? - Statystyki

Ogólne statystyki
  • Ten quiz został rozwiązany 18 razy
  • Średni wynik to 13 z 30
Statystyki odpowiedzi
Zagadnienie Odpowiedź % Poprawnych
"Napadał i pożerał kebaby" Nagłówek z "Faktu"
67%
"Dzięki żabom przestałem pić" Nagłówek z "Faktu"
67%
"Kurz złamał mi rękę" Nagłówek z "Faktu"
61%
"Tego żula znalazłem w moim łóżku" Nagłówek z "Faktu"
61%
"Odebrał żelazko zamiast telefonu" Nagłówek z "Faktu"
61%
"Napadły mnie szatańskie kozy" Nagłówek z "Faktu"
61%
"Kupiłem sałatkę grozy" Nagłówek z "Faktu"
56%
"Jestem ofiarą chińskiej latarki" Nagłówek z "Faktu"
56%
"Żubry gwałcą nasze krowy" Nagłówek z "Faktu"
56%
"Proboszcz odmówił mi komunii po tym jak zepsułem powietrze w kościele" Ułańska fantazja twórcy quizu
56%
"To mi zrobiło jajo" Nagłówek z "Faktu"
50%
"Żona tłucze mnie trzepaczką" Nagłówek z "Faktu"
50%
"Pogratulowałam koleżance z pracy ciąży, okazało się że to nadwaga" Ułańska fantazja twórcy quizu
50%
"Koń chuligan rozbił mi wino" Nagłówek z "Faktu"
44%
"Kto nosił mój stanik?" Nagłówek z "Faktu"
44%
"Uważaj w sklepach na ZABÓJCZE skarpety!" Ułańska fantazja twórcy quizu
44%
"Z zazdrości ogoliła mi dywan!" Ułańska fantazja twórcy quizu
39%
"Sekta robiła pierogi z ludzi" Nagłówek z "Faktu"
33%
"Antoś, przepraszam że cię uprałam" Nagłówek z "Faktu"
33%
"Panie Rubik, chce u Pana klaskać!" Ułańska fantazja twórcy quizu
33%
"Mój syn nie będzie się uczył NIEMIECKIEGO!" Ułańska fantazja twórcy quizu
33%
"Uderzyła mnie torebką w której była cegła" Ułańska fantazja twórcy quizu
33%
"Mój mąż pomylił sedes z bidetem" Ułańska fantazja twórcy quizu
33%
"Sprzedawał wódkę zabarwioną herbatą jako whisky" Ułańska fantazja twórcy quizu
28%
"Rozwiódł się bo została weganką" Ułańska fantazja twórcy quizu
28%
"Butelka Coli wysadziła pani Teresie zamrażalnik" Ułańska fantazja twórcy quizu
22%
"Straż pożarna wyważyła mi drzwi bo smażyłem kaszankę" Ułańska fantazja twórcy quizu
22%
"Kupił granat na aukcji internetowej" Ułańska fantazja twórcy quizu
17%
"Włamywacze ukradli mi bimber" Ułańska fantazja twórcy quizu
17%
"Łoś terroryzuje wieś" Ułańska fantazja twórcy quizu
11%
Nie znaleziono quizów pasujących do podanych kryteriów
Rozkład punktacji
Procent ludzi z każdym wynikiem
Percentyl według liczby udzielonych odpowiedzi
Twoja historia wyników
Nie rozwiązałeś tego quizu